Những chủ đề cơ bản của Triết học phương Tây

সংরক্ষণ করুন:
গ্রন্থ-পঞ্জীর বিবরন
প্রধান লেখক: Phạm Minh Lăng
বিন্যাস: গ্রন্থ
প্রকাশিত: H. Văn hóa thông tin 2003
বিষয়গুলি:
ট্যাগগুলো: ট্যাগ যুক্ত করুন
কোনো ট্যাগ নেই, প্রথমজন হিসাবে ট্যাগ করুন!
Thư viện lưu trữ: Trung tâm Học liệu Lê Vũ Hùng, Trường Đại học Đồng Tháp
LEADER 00736pam a22002058a 4500
001 00015639
005 20171026081022.0
008 110329s2003 ||||||Viesd
041 0 # |a Vie 
082 1 4 |a 190  |b NH556CH 
100 0 # |a Phạm Minh Lăng 
245 0 0 |a Những chủ đề cơ bản của Triết học phương Tây  |c Phạm Minh Lăng 
260 # # |a H.  |b Văn hóa thông tin  |c 2003 
300 # # |a 641 tr.  |c 19 cm. 
653 # # |a Triết học  |a Triết học phương Tây  |a Ý Thức  |a Đạo đức  |a Phương Tây 
852 # # |b Kho mượn  |j KM.0019192 
852 # # |j KM.0019192 
910 |d 29/03/2011 
980 # # |a Trung tâm Học liệu Lê Vũ Hùng, Trường Đại học Đồng Tháp